Países do mundo A-Z com letras A-Z - Statistics

Estatísticas Gerais
  • Esse quiz foi jogado 1 458 vezes
  • A pontuação média é 242 de 339
Estatísticas das Respostas
Começa com Contém # ​possibilidades Exemplo Resposta % Correto
A A 14 Afeganistão
99%
A I 11 Afeganistão
97%
A N 8 Afeganistão
97%
B A 14 Bahamas
97%
B B 18 Bahamas
97%
B I 13 Bahrein
97%
B L 7 Bangladesh
97%
A E 7 Afeganistão
96%
B R 10 Bahrein
96%
A R 10 África do Sul
95%
B S 8 Bahamas
95%
C A 15 Cabo Verde
95%
C C 18 Cabo Verde
95%
A L 6 África do Sul
94%
E A 12 El Salvador
94%
E E 13 Egito
94%
A T 6 Afeganistão
93%
E O 10 Egito
92%
E S 9 El Salvador
92%
F F 4 Fiji
92%
I A 10 Ilhas Marshall
92%
I I 11 Iémen
92%
P P 9 Países Baixos
92%
A G 5 Afeganistão
91%
C I 10 Cazaquistão
91%
C O 11 Cabo Verde
91%
E I 10 Egito
91%
E N 7 Emirados Árabes Unidos
91%
F A 3 Filipinas
91%
F N 3 Filipinas
91%
M M 16 Macedónia do Norte
91%
P A 8 Países Baixos
91%
R A 8 República Centro-Africana
91%
R R 9 Reino Unido
91%
D A 2 Dinamarca
90%
D C 2 Dinamarca
90%
D D 3 Dinamarca
90%
D I 3 Dinamarca
90%
D M 2 Dinamarca
90%
D N 2 Dinamarca
90%
E T 7 Egito
90%
G A 10 Gabão
90%
G G 11 Gabão
90%
M A 14 Macedónia do Norte
90%
N A 7 Namíbia
90%
N N 8 Namíbia
90%
R I 8 Reino Unido
90%
R U 8 Reino Unido
90%
S A 18 Samoa
90%
S S 19 Samoa
90%
C R 10 Cabo Verde
89%
J A 3 Jamaica
89%
J J 3 Jamaica
89%
M C 7 Macedónia do Norte
89%
P U 6 Palau
89%
U A 4 Ucrânia
89%
U U 4 Ucrânia
89%
A S 5 Afeganistão
88%
B E 8 Bahrein
88%
L L 9 Laos
88%
M O 8 Macedónia do Norte
88%
P O 5 Países Baixos
88%
T A 10 Tailândia
88%
T T 12 Tailândia
88%
A B 4 Albânia
87%
C D 6 Cabo Verde
87%
E U 5 Emirados Árabes Unidos
87%
P I 5 Países Baixos
87%
S I 13 San Marino
87%
V A 4 Vanuatu
87%
V N 4 Vanuatu
87%
V V 4 Vanuatu
87%
A O 5 Afeganistão
86%
B O 7 Barbados
86%
D R 1 Dinamarca
86%
F I 3 Fiji
86%
G I 7 Gâmbia
86%
H A 3 Haiti
86%
H H 3 Haiti
86%
I N 5 Iémen
86%
L A 6 Laos
86%
T I 13 Tailândia
86%
U I 3 Ucrânia
86%
Z A 2 Zâmbia
86%
Z B 2 Zâmbia
86%
Z I 2 Zâmbia
86%
Z M 2 Zâmbia
86%
Z Z 2 Zâmbia
86%
A U 5 África do Sul
85%
C E 8 Cabo Verde
85%
C N 3 Canadá
85%
E D 5 El Salvador
85%
I D 4 Índia
85%
N E 5 Nepal
85%
A D 4 África do Sul
84%
G E 6 Grécia
84%
L O 5 Laos
84%
M I 11 Macedónia do Norte
84%
N R 5 Nauru
84%
S U 7 Santa Lúcia
84%
A M 2 Alemanha
83%
C S 6 Camarões
83%
C T 5 Catar
83%
I L 6 Ilhas Marshall
83%
K K 3 Kiribati
83%
M R 7 Macedónia do Norte
83%
R N 7 Reino Unido
83%
S E 9 São Cristóvão e Nevis
83%
T N 7 Tailândia
83%
C B 4 Cabo Verde
82%
C L 3 Chile
82%
C M 5 Camarões
82%
F L 2 Filipinas
82%
J I 2 Jamaica
82%
L I 6 Letónia
82%
R E 7 Reino Unido
82%
V T 3 Vanuatu
82%
C H 4 Chade
81%
J O 2 Japão
81%
N I 5 Namíbia
81%
Q A 2 Quênia
81%
Q I 2 Quênia
81%
Q Q 2 Quênia
81%
Q U 2 Quênia
81%
S R 10 San Marino
81%
T U 5 Tajiquistão
81%
B G 4 Bangladesh
80%
C U 3 Cazaquistão
80%
I S 5 Ilhas Marshall
80%
L N 4 Letónia
80%
N G 4 Nicarágua
80%
O A 1 Omã
80%
O M 1 Omã
80%
O O 1 Omã
80%
P G 3 Papua Nova Guiné
80%
P R 3 Paraguai
80%
P T 2 Paquistão
80%
R O 6 Reino Unido
80%
S N 9 San Marino
80%
B N 9 Bahrein
79%
B U 6 Bielorrússia
79%
H N 2 Honduras
79%
H R 2 Honduras
79%
H U 2 Honduras
79%
I R 5 Ilhas Marshall
79%
M E 4 Macedónia do Norte
79%
N U 3 Nauru
79%
P L 3 Palau
79%
U R 2 Ucrânia
79%
E R 5 El Salvador
78%
G N 6 Gana
78%
G R 4 Geórgia
78%
R D 5 Reino Unido
78%
T R 4 Timor-Leste
78%
A F 2 Afeganistão
77%
G U 5 Guatemala
77%
H I 2 Haiti
77%
L E 5 Lesoto
77%
L T 4 Lesoto
77%
P S 2 Países Baixos
77%
S C 7 Santa Lúcia
77%
S M 5 Samoa
77%
V I 2 Vaticano
77%
E P 2 Espanha
76%
I E 4 Iémen
76%
M N 5 Macedónia do Norte
76%
P E 3 Países Baixos
76%
U N 2 Ucrânia
76%
V E 2 Venezuela
76%
V U 2 Vanuatu
76%
B H 4 Bahamas
75%
F D 1 Finlândia
75%
N O 2 Noruega
75%
R M 3 República Democrática do Congo
75%
S O 9 Samoa
75%
I O 3 Ilhas Salomão
74%
L B 4 Líbano
74%
M L 7 Malásia
74%
R S 1 Rússia
74%
T Q 3 Tajiquistão
74%
Z E 1 Zimbábue
74%
Z U 1 Zimbábue
74%
L U 2 Luxemburgo
73%
S L 7 Santa Lúcia
73%
K I 2 Kiribati
72%
K T 2 Kiribati
72%
M S 3 Madagáscar
72%
A H 1 Alemanha
71%
B V 2 Bolívia
71%
F C 1 França
71%
F R 1 França
71%
M D 4 Macedónia do Norte
71%
Q E 1 Quênia
71%
Q N 1 Quênia
71%
T L 3 Tailândia
71%
T O 6 Tajiquistão
71%
T S 4 Tajiquistão
70%
E Q 2 Equador
69%
L S 3 Laos
69%
M T 4 Macedónia do Norte
69%
N L 2 Nepal
69%
R B 5 República Centro-Africana
69%
R C 5 República Centro-Africana
69%
R L 5 República Centro-Africana
69%
R P 5 República Centro-Africana
69%
J P 1 Japão
68%
P N 3 Panamá
68%
V C 1 Vaticano
68%
V O 1 Vaticano
68%
J C 1 Jamaica
67%
J M 1 Jamaica
67%
V L 1 Venezuela
67%
V Z 1 Venezuela
67%
E H 1 Espanha
66%
E L 3 El Salvador
66%
E V 3 El Salvador
66%
G O 3 Gabão
66%
H D 1 Honduras
66%
H O 1 Honduras
66%
H S 1 Honduras
66%
M G 3 Madagáscar
65%
T E 3 Timor-Leste
65%
B D 3 Bangladesh
64%
B M 3 Bahamas
64%
B Z 2 Belize
64%
B T 2 Botswana
63%
A J 1 Azerbaijão
62%
A Z 1 Azerbaijão
62%
D O 2 Djibouti
62%
G B 3 Gabão
62%
G L 2 Guatemala
62%
G M 2 Gâmbia
62%
G T 2 Guatemala
62%
K O 1 Kosovo
62%
K S 1 Kosovo
62%
K V 1 Kosovo
62%
S G 3 São Vicente e Granadinas
62%
C Q 1 Cazaquistão
61%
C Z 1 Cazaquistão
61%
H T 1 Haiti
61%
L R 2 Libéria
61%
T D 2 Tailândia
61%
U B 1 Uzbequistão
61%
U C 1 Ucrânia
61%
U E 1 Uzbequistão
61%
U O 1 Uzbequistão
61%
U Q 1 Uzbequistão
61%
U S 1 Uzbequistão
61%
U T 1 Uzbequistão
61%
U Z 1 Uzbequistão
61%
J D 1 Jordânia
59%
J N 1 Jordânia
59%
J R 1 Jordânia
59%
K A 1 Kiribati
59%
K B 1 Kiribati
59%
K E 1 Kuweit
59%
K R 1 Kiribati
59%
K U 1 Kuweit
59%
K W 1 Kuweit
59%
E M 2 Emirados Árabes Unidos
58%
I M 3 Iémen
58%
M U 3 Maurícia
58%
M X 1 México
58%
P Q 1 Paquistão
58%
F J 1 Fiji
57%
T G 3 Togo
57%
T M 2 Timor-Leste
56%
B C 1 Bélgica
55%
P B 1 Países Baixos
55%
P X 1 Países Baixos
55%
Q G 1 Quirguistão
55%
Q O 1 Quirguistão
55%
Q R 1 Quirguistão
55%
Q S 1 Quirguistão
55%
Q T 1 Quirguistão
55%
R T 2 República Centro-Africana
55%
S D 3 São Vicente e Granadinas
55%
A C 1 África do Sul
54%
G C 1 Grécia
54%
S V 3 São Cristóvão e Nevis
53%
U D 1 Uganda
53%
U G 2 Uganda
53%
H G 1 Hungria
52%
N D 1 Nova Zelândia
52%
N V 1 Nova Zelândia
52%
N Z 1 Nova Zelândia
52%
V M 1 Vietname
52%
L G 1 Luxemburgo
51%
L M 1 Luxemburgo
51%
L X 1 Luxemburgo
51%
N P 1 Nepal
51%
I T 1 Itália
50%
M V 2 Maldivas
50%
F P 1 Filipinas
49%
F S 1 Filipinas
49%
R G 2 República Democrática do Congo
49%
S T 4 Santa Lúcia
49%
T V 1 Tuvalu
49%
D B 1 Djibouti
48%
D J 1 Djibouti
48%
D T 1 Djibouti
48%
D U 1 Djibouti
48%
N C 1 Nicarágua
48%
S P 2 São Tomé e Príncipe
48%
B W 1 Botswana
47%
E G 1 Egito
47%
I Q 1 Iraque
46%
I U 1 Iraque
46%
E B 1 Emirados Árabes Unidos
45%
T Z 1 Tanzânia
45%
I H 2 Ilhas Marshall
44%
T J 1 Tajiquistão
44%
N B 1 Namíbia
43%
N M 1 Namíbia
43%
C P 1 Chipre
42%
L C 1 Liechtenstein
42%
L H 1 Liechtenstein
42%
C J 1 Camboja
41%
R H 1 República Checa
41%
G S 1 Guiné-Bissau
40%
P M 1 Panamá
40%
B F 1 Burkina Faso
39%
B K 1 Burkina Faso
39%
G Q 1 Guiné Equatorial
39%
T W 1 Taiwan
39%
E C 1 Estados Federados da Micronésia
38%
E F 1 Estados Federados da Micronésia
38%
T B 1 Trinidad e Tobago
38%
C V 1 Cabo Verde
37%
G D 1 Granada
37%
M B 1 Moçambique
37%
M Q 1 Moçambique
37%
S H 1 Seychelles
36%
S Y 1 Seychelles
36%
P V 1 Papua Nova Guiné
35%
S K 1 Sri Lanka
35%
C F 1 Costa do Marfim
34%
M W 1 Malawi
34%
R F 1 República Centro-Africana
31%
Nenhum quiz correspondente encontrado
Distribuição das Pontuações
Porcentagem de Pessoas com Cada Pontuação
Percentil de Números Respondidos
Sua Pontuação Histórica
Você não jogou esse quiz